Stemmi Squadre di calcio dal dettaglio - Quiz n°16 - Statistics

Statistiche generali
  • Questo quiz è stato fatto 4 volte
  • Il punteggio medio è 7 su 10
Statistiche sulle risposte
con Immagini Risposta % Corretto
Olympique Marsiglia
100%
Wolfsburg
100%
Birmingham City
75%
Bodø/Glimt
75%
Club América
75%
Lokomotiv Mosca
75%
Queens Park Rangers
75%
Arminia Bielefeld
50%
Nacional
50%
Piacenza
25%
Nessun quiz corrispondente trovato
Distribuzione punteggi
Percentuale di utenti per punteggio
Percentile per numero di risposta
I tuoi punteggi nel tempo
Non hai fatto questo quiz